=LDR 00000nam 2200000 4500 =001 NUTBA000000000001114 =005 20150407132204.0 =006 =007 =008 =020 ##$$a 978-602+8361-84-2 =035 ##$$0010-041400000000384 =082 ##$$a 370.7 =100 ##$$a SADULLOH,UYOH DRS.M.P.d =245 ##$$a pedagogik ilmu mendidik =260 ##$$a bandung, 2011 $b alfabeta $c 2011 =300 ##$$a x, 214 hlm $c 16 x 24 cm =990 ##$$a 93634/BPAP-NTB/2014